Statistics for Most Viewed Chinese Songs on Youtube 十大華語歌

Click here to take the quiz!

General Stats

  • This quiz has been taken 272 times
    (166 since last reset)
  • The average score is 6 of 10

Answer Stats

RankViews (Million)TitleArtist% Correct
2223告白氣球周杰倫
96%
1238光年之外G.E.M. 鄧紫棋
87%
5179演員薛之謙
78%
3185小幸運田馥甄
77%
8173那些年胡夏
68%
10162你,好不好?周興哲
59%
6178以後別做朋友周興哲
53%
4180漂向北方黃明志 ft. 王力宏
46%
9171我的歌聲裡曲婉婷
44%
7175癡情玫瑰花Under Lover ft 玖壹壹 春風
19%

Score Distribution

Percentile by Number Answered

Percent of People with Each Score

Your Score History

You have not taken this quiz since the last reset